Il weekend /

Gespeichert in:
Bibliographische Detailangaben
1. Verfasser: Cameron, Peter, (1959- ) (Verfasst von)
Weitere Verfasser: Oneto, Giuseppina (Übersetzung)
Format: Buch
Sprache:Italienisch
Veröffentlicht: Milano : Adelphi, 2013
Schriftenreihe:Fabula ; 256
Tags: Tag hinzufügen
Keine Tags, Fügen Sie das erste Tag hinzu!

MARC

LEADER 00000nam a22000007i 4500
001 IT\ICCU\PAR\1215004
003 ItRI
005 20251006194750.0
008 130321s2013 it |||||| ||||| |||||c
020 |a 9788845927768 
040 |b ita  |c ct 
041 7 |a ita  |2 ISO-639-2 
082 |a 813.54  |2 19 
100 1 |a Cameron, Peter,  |d  (1959- )  |0 IT\ICCU\CFIV\073250  |4 aut 
240 1 4 |a The Weekend  |9 Cameron, Peter <1959- > 
245 1 3 |a Il weekend /  |c Peter Cameron ; traduzione di Giuseppina Oneto. 
260 |a Milano :  |b Adelphi,  |c 2013 
300 |a 177 p. ;  |c 22 cm 
700 1 |a Oneto, Giuseppina  |0 IT\ICCU\CFIV\066257  |4 trl 
830 0 |a Fabula ;  |v 256  |0 IT\ICCU\CFI\0013960 
942 |2 ddc  |c BK 
952 |0 0  |1 0  |2 ddc  |4 0  |6 B_LNR02CAMPEWEE11  |7 0  |9 7902  |a MI  |b MI  |d 2013-10-22  |i 6588  |l 0  |o B-LNR02-CAMPE-WEE11  |p CDOM6588  |r 2025-07-13 16:28:00  |w 2025-07-13  |x ACQUISTO  |y BK 
981 1 |6 z01  |a i   |b xxxe  
982 1 |6 z01  |a n 
999 |c 6571  |d 6571